00241nam a2200097Ia 4500008004100000041000800041100001800049245004800067260000900115999001900124230508s1989 xx 000 0 und d aeng aHOUPIS & AZZO aFEEDBACK CONTROL SYSTEM ANALYSIS SYNTHESIS. c1989 c731373d731373